000
00268nam a22001097a 4500
008
170117b xxu||||| |||| 00| 0 eng d
020
_a
0867203781
041
_a
eng
080
_2
2ND
_a
618.2
245
_a
HEALTH ASSESMENT IN NURSING PRACTICE
_c
GRIMES, J
942
_2
udc
_c
BK
999
_c
2990
_d
2990